[Event "Kavala op 22nd"]
[Site "Kavala"]
[Date "2013.08.12"]
[Round "8"]
[White "Filippas, Sebastian"]
[Black "Stathopoulos, Ioannis"]
[Result "0-1"]
[WhiteElo "2360"]
[BlackElo "2248"]
[PlyCount "70"]
[EventDate "2013.08.06"]
[EventType "swiss"]
[EventRounds "9"]
[EventCountry "GRE"]
[SourceTitle "CBM 155 Extra"]
[Source "ChessBase"]
[SourceDate "2013.08.26"]
[SourceVersion "1"]
[SourceVersionDate "2013.08.26"]
[SourceQuality "1"]

1. c4 Nf6 2. Nc3 e6 3. d4 Bb4 4. a3 Bxc3+ 5. bxc3 c5 6. e3 b6 7. Bd3 Bb7 8. Nf3 0-0 9. 0-0 Be4 10. d5 d6 11. Bxe4 Nxe4 12. Qd3 f5 13. Ne1 Qe8 14. f3 Nf6 15. Qd1 Nbd7 16. Nd3 exd5 17. cxd5 c4 18. Nf4 Nc5 19. a4 Qe5 20. Rf2 Rfe8 21. Re2 Nb3 22. Raa2 g5 23. Nh3 Nxd5 24. Rac2 Nxc1 25. Qxc1 Nxe3 26. Nxg5 Qc5 27. Kh1 Nxc2 28. Ne6 f4 29. Qxf4 Qh5 30. Re4 Qg6 31. Qxd6 Red8 32. Qxd8+ Rxd8 33. Nxd8 Qd6 34. Re8+ Kg7 35. h4 Qd7 0-1

[Event "Kavala op 22nd"]
[Site "Kavala"]
[Date "2013.08.11"]
[Round "7"]
[White "Filippas, Sebastian"]
[Black "Papadimitriou, Athanasios"]
[Result "1/2-1/2"]
[WhiteElo "2360"]
[BlackElo "2240"]
[PlyCount "62"]
[EventDate "2013.08.06"]
[EventType "swiss"]
[EventRounds "9"]
[EventCountry "GRE"]
[SourceTitle "CBM 155 Extra"]
[Source "ChessBase"]
[SourceDate "2013.08.26"]
[SourceVersion "1"]
[SourceVersionDate "2013.08.26"]
[SourceQuality "1"]

1. d4 d5 2. Nf3 Nf6 3. c4 dxc4 4. e3 g6 5. Bxc4 Bg7 6. 0-0 0-0 7. Nc3 Nc6 8. h3 Ne8 9. Bb5 Nd6 10. Bxc6 bxc6 11. Na4 Ne4 12. Nd2 Nxd2 13. Bxd2 e5 14. dxe5 Qh4 15. f4 Rd8 16. Qe1 Qxe1 17. Bxe1 Rd3 18. Bc3 Rxe3 19. Rad1 Bf5 20. Rd2 Bf8 21. Bd4 Rd3 22. Rxd3 Bxd3 23. Rf2 Rd8 24. Bc5 Bb5 25. Bxf8 Bxa4 26. Bb4 Bb5 27. g4 Bc4 28. b3 Rd1+ 29. Kh2 Bd5 30. f5 g5 31. Be7 Rh1+ 1/2-1/2

[Event "Kavala op 22nd"]
[Site "Kavala"]
[Date "2013.08.07"]
[Round "3"]
[White "Filippas, Sebastian"]
[Black "Yurtseven, Melih"]
[Result "1/2-1/2"]
[WhiteElo "2360"]
[BlackElo "2244"]
[PlyCount "159"]
[EventDate "2013.08.06"]
[EventType "swiss"]
[EventRounds "9"]
[EventCountry "GRE"]
[SourceTitle "CBM 155 Extra"]
[Source "ChessBase"]
[SourceDate "2013.08.26"]
[SourceVersion "1"]
[SourceVersionDate "2013.08.26"]
[SourceQuality "1"]

1. e4 c5 2. Nf3 d6 3. Bc4 Nc6 4. c3 Nf6 5. d3 g6 6. 0-0 Bg7 7. Bb3 0-0 8. h3 b6 9. Nbd2 Ba6 10. Qe2 e6 11. Nh2 d5 12. exd5 exd5 13. Ndf3 Re8 14. Qd1 h6 15. Ba4 b5 16. Bc2 Qd6 17. a3 d4 18. Bd2 Bb7 19. Qc1 g5 20. Bb3 Nd7 21. a4 Nce5 22. Ne1 c4 23. dxc4 bxc4 24. cxd4 cxb3 25. dxe5 Nxe5 26. f3 Ba6 27. Rf2 Nd3 28. Nxd3 Qxd3 29. Bc3 Rac8 30. Ng4 f5 31. Rd2 Qc4 32. Rd7 Qc5+ 33. Kh1 Re7 34. Rxe7 Qxe7 35. Ne5 Rxc3 36. bxc3 b2 37. Qxb2 Qxe5 38. Rd1 Bc4 39. Qc2 Qe6 40. Qd2 Bf6 41. Qd7 a5 42. Qc7 g4 43. Rb1 Bg7 44. Rb8+ Kh7 45. Rb7 Qe1+ 46. Kh2 Qxc3 47. Qc5 Kh8 48. Qc8+ Bg8 49. Qxc3 Bxc3 50. hxg4 fxg4 51. f4 h5 52. Re7 h4 53. g3 Bb4 54. Re5 h3 55. Rg5 Bh7 56. Rxg4 Be7 57. f5 Bxf5 58. Rc4 Kg7 59. g4 Be6 60. Re4 Kf6 61. Kxh3 Bb4 62. Re3 Bd7 63. Kh4 Kg6 64. g5 Bxa4 65. Re6+ Kf7 66. Ra6 Bb5 67. Rb6 Be2 68. g6+ Kg7 69. Kg5 Bd2+ 70. Kf5 Bd3+ 71. Ke5 Bxg6 72. Kd4 Bf7 73. Kd3 Bb4 74. Kd4 Ba2 75. Ke5 Kf7 76. Rb7+ Ke8 77. Kd4 Kd8 78. Kd3 Bd5 79. Rg7 Be7 80. Rxe7 1/2-1/2

[Event "GRE-ch 62nd"]
[Site "Athens"]
[Date "2012.11.27"]
[Round "4"]
[White "Filippas, Sebastian"]
[Black "Kapnisis, Spyridon"]
[Result "1-0"]
[WhiteElo "2310"]
[BlackElo "2457"]
[PlyCount "55"]
[EventDate "2012.11.24"]
[EventType "tourn"]
[EventRounds "9"]
[EventCountry "GRE"]
[EventCategory "7"]
[SourceTitle "CBM 151 Extra"]
[Source "ChessBase"]
[SourceDate "2012.12.18"]
[SourceVersion "1"]
[SourceVersionDate "2012.12.18"]
[SourceQuality "1"]

1. e4 c5 2. Nf3 e6 3. d4 cxd4 4. Nxd4 Nc6 5. Nc3 Qc7 6. g3 a6 7. Bg2 h5 8. 0-0 h4 9. Re1 hxg3 10. hxg3 d6 11. Nxc6 bxc6 12. Na4 Bb7 13. b3 c5 14. Bb2 Nf6 15. Qd2 Be7 16. Rad1 Bc6 17. c4 Qb7 18. Nc3 Rh6 19. Nd5 exd5 20. exd5 Bd7 21. Qxh6 gxh6 22. Bxf6 0-0-0 23. Bxe7 Rg8 24. Bxd6 Qb6 25. Bf4 Qf6 26. b4 cxb4 27. c5 Bg4 28. c6 1-0

[Event "GRE-ch 62nd"]
[Site "Athens"]
[Date "2012.11.25"]
[Round "2"]
[White "Filippas, Sebastian"]
[Black "Pavlidis, Antonios"]
[Result "0-1"]
[WhiteElo "2310"]
[BlackElo "2463"]
[PlyCount "72"]
[EventDate "2012.11.24"]
[EventType "tourn"]
[EventRounds "9"]
[EventCountry "GRE"]
[EventCategory "7"]
[SourceTitle "CBM 151 Extra"]
[Source "ChessBase"]
[SourceDate "2012.12.18"]
[SourceVersion "1"]
[SourceVersionDate "2012.12.18"]
[SourceQuality "1"]

1. e4 c5 2. Nf3 Nc6 3. d4 cxd4 4. Nxd4 Nf6 5. Nc3 e5 6. Ndb5 d6 7. Bg5 a6 8. Na3 b5 9. Bxf6 gxf6 10. Nd5 Bg7 11. c3 Ne7 12. Nc2 f5 13. exf5 Bxf5 14. Nce3 Be6 15. g3 Nxd5 16. Nxd5 0-0 17. Bg2 Rb8 18. 0-0 Qd7 19. Qd2 f5 20. Rfd1 a5 21. a3 Kh8 22. Rac1 Qf7 23. c4 e4 24. b4 Bxd5 25. Qxd5 Qxd5 26. Rxd5 Bb2 27. Rc2 Bxa3 28. bxa5 bxc4 29. Rxc4 Rb1+ 30. Bf1 Bc5 31. a6 Ra1 32. Rcxc5 dxc5 33. Rxc5 f4 34. Re5 e3 35. Re4 fxg3 36. hxg3 Rxf2 0-1

[Event "GRE-ch 62nd"]
[Site "Athens"]
[Date "2012.11.24"]
[Round "1"]
[White "Nikolaidis, Ioannis"]
[Black "Filippas, Sebastian"]
[Result "1-0"]
[WhiteElo "2555"]
[BlackElo "2310"]
[PlyCount "61"]
[EventDate "2012.11.24"]
[EventType "tourn"]
[EventRounds "9"]
[EventCountry "GRE"]
[EventCategory "7"]
[SourceTitle "CBM 151 Extra"]
[Source "ChessBase"]
[SourceDate "2012.12.18"]
[SourceVersion "1"]
[SourceVersionDate "2012.12.18"]
[SourceQuality "1"]

1. e4 c5 2. Nf3 d6 3. Bb5+ Nc6 4. 0-0 Bd7 5. Re1 Nf6 6. c3 a6 7. Bf1 Bg4 8. h3 Bxf3 9. Qxf3 e6 10. d3 Be7 11. Nd2 0-0 12. Qe2 Rc8 13. f4 g6 14. Nf3 Re8 15. Qf2 Bf8 16. Be3 b5 17. g4 Bg7 18. Bg2 Nd7 19. a3 Qc7 20. Rad1 Na5 21. f5 Nc6 22. g5 exf5 23. exf5 Bf8 24. f6 d5 25. Qh4 Bd6 26. Bf2 Rxe1+ 27. Rxe1 Nb6 28. d4 c4 29. Ne5 Nd8 30. Qg4 Ne6 31. Nxf7 1-0

[Event "Isthmia op-A 2nd"]
[Site "Korinthos"]
[Date "2012.08.24"]
[Round "8"]
[White "Filippas, Sebastian"]
[Black "Fier, Alexandr"]
[Result "1-0"]
[WhiteElo "2268"]
[BlackElo "2582"]
[PlyCount "159"]
[EventDate "2012.08.18"]
[EventType "swiss"]
[EventRounds "9"]
[EventCountry "GRE"]
[SourceTitle "CBM 150 Extra"]
[Source "ChessBase"]
[SourceDate "2012.10.19"]
[SourceVersion "1"]
[SourceVersionDate "2012.10.19"]
[SourceQuality "1"]

1. e4 c5 2. Nf3 d6 3. d4 cxd4 4. Nxd4 Nf6 5. Nc3 e6 6. Be3 Be7 7. Be2 0-0 8. g4 d5 9. exd5 Nxd5 10. Nxd5 Qxd5 11. Bf3 Qa5+ 12. Qd2 Qa4 13. 0-0 Rd8 14. Qc3 e5 15. Nf5 Bxf5 16. gxf5 Nc6 17. Qb3 Qh4 18. Qxb7 Nd4 19. Bxd4 Rab8 20. Qe4 Qg5+ 21. Kh1 exd4 22. Rg1 Qf6 23. Rae1 Bd6 24. b3 Rb5 25. Bg4 Re5 26. Qg2 g6 27. Rxe5 Qxe5 28. f4 Qxf4 29. Rf1 Qe5 30. Be2 Kg7 31. Bc4 f6 32. fxg6 hxg6 33. Bd3 g5 34. Qh3 Rh8 35. Qd7+ Qe7 36. Qxe7+ Bxe7 37. Kg2 Bd6 38. h3 Re8 39. Rf5 Be5 40. Rf1 Kf7 41. Kf3 Rh8 42. Bf5 Ke7 43. Ke4 Kd6 44. Kd3 Rb8 45. Rb1 Rb5 46. Re1 Rc5 47. Bg4 Rc3+ 48. Kd2 Rg3 49. Re2 Kc5 50. Ke1 Rg1+ 51. Kf2 Ra1 52. a4 a5 53. Kg2 Kb4 54. Bf5 Kc3 55. Rf2 Re1 56. Rf1 Re3 57. Rf3 Bf4 58. Bg6 Kd2 59. Rf2+ Kc1 60. Rf3 Re2+ 61. Rf2 Re5 62. Bd3 Rc5 63. h4 Kb2 64. h5 Be5 65. h6 g4 66. h7 Rc8 67. Bf5 Rh8 68. Re2 d3 69. Bxd3 g3 70. Bf5 Kc1 71. Re4 Rd8 72. Rg4 Rd2+ 73. Kf3 Rf2+ 74. Ke4 Rh2 75. Rg8 Kxc2 76. h8Q Rxh8 77. Rxh8 Kxb3 78. Bd7 Bc3 79. Kf3 Be5 80. Rh5 1-0

[Event "Isthmia op-A 2nd"]
[Site "Korinthos"]
[Date "2012.08.20"]
[Round "4"]
[White "Dimopoulos, Apostolos"]
[Black "Filippas, Sebastian"]
[Result "0-1"]
[WhiteElo "1916"]
[BlackElo "2268"]
[PlyCount "73"]
[EventDate "2012.08.18"]
[EventType "swiss"]
[EventRounds "9"]
[EventCountry "GRE"]
[SourceTitle "CBM 150 Extra"]
[Source "ChessBase"]
[SourceDate "2012.10.19"]
[SourceVersion "1"]
[SourceVersionDate "2012.10.19"]
[SourceQuality "1"]

1. e4 c5 2. Nf3 d6 3. Bc4 Nf6 4. d3 Nc6 5. 0-0 g6 6. h3 Bg7 7. c3 0-0 8. Re1 Na5 9. Bb5 a6 10. Ba4 b5 11. Bc2 Bb7 12. a3 Nd7 13. Nbd2 Rc8 14. Rb1 Nc6 15. Nf1 Nde5 16. N3h2 e6 17. f4 Nd7 18. Ne3 Ne7 19. Nf3 d5 20. f5 exf5 21. exf5 d4 22. fxg6 fxg6 23. Ng4 Bxf3 24. gxf3 Nf5 25. Qe2 dxc3 26. bxc3 h5 27. Bb3+ Kh7 28. Nf2 Bxc3 29. Ne4 Bd4+ 30. Kg2 Nh4+ 31. Kh1 Nxf3 32. Rf1 Nde5 33. Ng5+ Nxg5 34. Rxf8 Qxf8 35. Bxg5 Qf5 36. Qg2 Rf8 37. Bd5 0-1

[Event "Isthmia op-A 2nd"]
[Site "Korinthos"]
[Date "2012.08.19"]
[Round "3"]
[White "Filippas, Sebastian"]
[Black "Balokas, Dimitrios"]
[Result "1-0"]
[WhiteElo "2268"]
[BlackElo "2081"]
[PlyCount "55"]
[EventDate "2012.08.18"]
[EventType "swiss"]
[EventRounds "9"]
[EventCountry "GRE"]
[SourceTitle "CBM 150 Extra"]
[Source "ChessBase"]
[SourceDate "2012.10.19"]
[SourceVersion "1"]
[SourceVersionDate "2012.10.19"]
[SourceQuality "1"]

1. e4 c5 2. Nf3 e6 3. d4 cxd4 4. Nxd4 Nc6 5. Nc3 a6 6. Nxc6 bxc6 7. Bd3 d5 8. 0-0 Nf6 9. Re1 Be7 10. Bf4 0-0 11. Qf3 g6 12. Rad1 Re8 13. h3 Bb7 14. Na4 Qa5 15. b3 c5 16. exd5 Bxd5 17. Qe2 Nh5 18. Qd2 Qd8 19. Be3 Qc7 20. Qc3 Nf4 21. Bf1 Rec8 22. Bxf4 Qxf4 23. Rxd5 exd5 24. Rxe7 Re8 25. Qxc5 Rxe7 26. Qxe7 Rc8 27. g3 Qf3 28. Bd3 1-0

[Event "Kavala op-A 21st"]
[Site "Kavala"]
[Date "2012.07.28"]
[Round "5"]
[White "Makka, Evanthia"]
[Black "Filippas, Sebastian"]
[Result "0-1"]
[WhiteElo "2088"]
[BlackElo "2263"]
[PlyCount "146"]
[EventDate "2012.07.25"]
[EventType "swiss"]
[EventRounds "9"]
[EventCountry "GRE"]
[SourceTitle "CBM 149 Extra"]
[Source "ChessBase"]
[SourceDate "2012.08.24"]
[SourceVersion "1"]
[SourceVersionDate "2012.08.24"]
[SourceQuality "1"]

1. e4 c5 2. Nf3 d6 3. Bb5+ Nc6 4. 0-0 Bd7 5. Re1 Nf6 6. c3 a6 7. Ba4 b5 8. Bc2 Bg4 9. d3 e6 10. h3 Bh5 11. Nbd2 Be7 12. Nf1 0-0 13. Ng3 Bg6 14. Nh4 d5 15. Nxg6 hxg6 16. e5 Nd7 17. d4 Rc8 18. Ne2 Qc7 19. Bb1 Nb6 20. h4 Bxh4 21. g3 Be7 22. Kg2 cxd4 23. cxd4 Nd7 24. Rh1 Rfe8 25. Qg1 Nf8 26. Qh2 f5 27. g4 Kf7 28. Qh3 Qd7 29. Be3 Nb4 30. Nc3 Rc4 31. Qf3 Rd8 32. a3 Nc6 33. Ne2 Nxe5 34. dxe5 Rxg4+ 35. Kf1 Qc7 36. Bf4 Nd7 37. Qe3 Bc5 38. Qc1 d4 39. f3 Qb7 40. Be4 fxe4 41. fxg4 e3 42. Kg1 g5 43. Bg3 d3 44. Qf1+ Ke7 45. Rh7 Rg8 46. Qg2 Qxg2+ 47. Kxg2 dxe2 48. Re1 Bd4 49. Rxe2 Nxe5 50. Bxe5 Bxe5 51. Kf3 Bf4 52. Rc2 Kf6 53. Rc6 Rd8 54. Rc2 Rd1 55. Rh8 Rf1+ 56. Kg2 Rd1 57. Re2 Ke5 58. Re8 Rd6 59. Kf3 Kd4 60. Re1 Kc4 61. Rc8+ Kb3 62. Re2 Rd2 63. Rc6 a5 64. Rc5 Ka4 65. Rc3 b4 66. axb4 axb4 67. Rc5 Kb3 68. Rb5 e5 69. Re1 Rxb2 70. Rb7 Rf2+ 71. Ke4 e2 72. Rb1+ Kc2 73. R7xb4 Bc1 0-1

[Event "Kavala op-A 21st"]
[Site "Kavala"]
[Date "2012.07.27"]
[Round "4"]
[White "Filippas, Sebastian"]
[Black "Valsecchi, Alessio"]
[Result "0-1"]
[WhiteElo "2263"]
[BlackElo "2425"]
[PlyCount "58"]
[EventDate "2012.07.25"]
[EventType "swiss"]
[EventRounds "9"]
[EventCountry "GRE"]
[SourceTitle "CBM 149 Extra"]
[Source "ChessBase"]
[SourceDate "2012.08.24"]
[SourceVersion "1"]
[SourceVersionDate "2012.08.24"]
[SourceQuality "1"]

1. d4 Nf6 2. c4 g6 3. Nc3 d5 4. Nf3 Bg7 5. Bg5 Ne4 6. cxd5 Nxg5 7. Nxg5 e6 8. Qd2 exd5 9. Qe3+ Kf8 10. Qf4 Qf6 11. Qxc7 Na6 12. Qg3 Bf5 13. a3 h6 14. Nf3 Qb6 15. Nxd5 Qxb2 16. Qd6+ Kg8 17. Rd1 Bc2 18. h4 Rh7 19. Ne5 Bf8 20. Qd7 Rg7 21. f3 Bxd1 22. h5 g5 23. e3 Bb3 24. Nf6+ Kh8 25. Qxb7 Rb8 26. Qxa6 Be6 27. Ng6+ Rxg6 28. hxg6 Qc1+ 29. Kf2 Rb2+ 0-1

[Event "Isthmia op 1st"]
[Site "Vrachati"]
[Date "2011.08.24"]
[Round "8"]
[White "Filippas, Sebastian"]
[Black "Kotronias, Vasilios"]
[Result "1/2-1/2"]
[WhiteElo "2246"]
[BlackElo "2588"]
[PlyCount "20"]
[EventDate "2011.08.18"]
[EventType "swiss"]
[EventRounds "9"]
[EventCountry "GRE"]
[SourceTitle "CBM 144 Extra"]
[Source "ChessBase"]
[SourceDate "2011.10.28"]
[SourceVersion "1"]
[SourceVersionDate "2011.10.28"]
[SourceQuality "1"]

1. d4 Nf6 2. c4 g6 3. Nc3 Bg7 4. e4 d6 5. Nf3 0-0 6. Be2 e5 7. Be3 c6 8. d5 Na6 9. Nd2 Ne8 10. g4 f5 1/2-1/2

[Event "Isthmia op 1st"]
[Site "Vrachati"]
[Date "2011.08.22"]
[Round "6"]
[White "Filippas, Sebastian"]
[Black "Theodorou, Nikolas"]
[Result "1/2-1/2"]
[WhiteElo "2246"]
[BlackElo "1859"]
[PlyCount "91"]
[EventDate "2011.08.18"]
[EventType "swiss"]
[EventRounds "9"]
[EventCountry "GRE"]
[SourceTitle "CBM 144 Extra"]
[Source "ChessBase"]
[SourceDate "2011.10.28"]
[SourceVersion "1"]
[SourceVersionDate "2011.10.28"]
[SourceQuality "1"]

1. d4 Nf6 2. c4 g6 3. Nc3 Bg7 4. e4 d6 5. Bg5 h6 6. Be3 Ng4 7. Bc1 e5 8. d5 f5 9. Be2 Nf6 10. exf5 Bxf5 11. Be3 0-0 12. g4 Bd7 13. h4 Qc8 14. g5 hxg5 15. hxg5 Ng4 16. Bxg4 Bxg4 17. Nge2 Bf5 18. Qd2 a6 19. Ng3 b5 20. cxb5 axb5 21. Nxb5 Qb7 22. Nc3 Na6 23. Nge4 Nb4 24. Rh4 Ra5 25. Rd1 Nxa2 26. b4 Nxc3 27. Nxc3 Ra3 28. Qb2 Rfa8 29. Rc4 R3a6 30. b5 Rb8 31. Qb4 Raa8 32. b6 Bf8 33. Nb5 cxb6 34. Rc7 Qa6 35. Qh4 Bg7 36. Nxd6 Ra7 37. Rxa7 Qxa7 38. Nxf5 gxf5 39. d6 Qd7 40. Qc4+ Kf8 41. Qc7 Rb7 42. Qxb7 Qxb7 43. d7 Qh1+ 44. Ke2 Qxd1+ 45. Kxd1 Ke7 46. Bxb6 1/2-1/2

[Event "Isthmia op 1st"]
[Site "Vrachati"]
[Date "2011.08.20"]
[Round "3"]
[White "Vazelakis, Dimitrios"]
[Black "Filippas, Sebastian"]
[Result "0-1"]
[WhiteElo "2022"]
[BlackElo "2246"]
[PlyCount "86"]
[EventDate "2011.08.18"]
[EventType "swiss"]
[EventRounds "9"]
[EventCountry "GRE"]
[SourceTitle "CBM 144 Extra"]
[Source "ChessBase"]
[SourceDate "2011.10.28"]
[SourceVersion "1"]
[SourceVersionDate "2011.10.28"]
[SourceQuality "1"]

1. c4 c6 2. g3 d5 3. Bg2 Nf6 4. Nf3 Bg4 5. Ne5 Bf5 6. cxd5 cxd5 7. 0-0 e6 8. Qb3 Nc6 9. Nxc6 bxc6 10. Qa4 Qd7 11. d3 h5 12. Nc3 Be7 13. Bg5 Rb8 14. e4 Bg6 15. a3 Nxe4 16. Nxe4 Bxe4 17. Bf4 Bxg2 18. Bxb8 Bxf1 19. Rxf1 c5 20. Qxa7 Qxa7 21. Bxa7 Kd7 22. Rc1 Rc8 23. Rc2 Rc6 24. Bb8 Bf6 25. Bf4 c4 26. dxc4 Rxc4 27. Re2 g5 28. Be5 Be7 29. Kf1 f6 30. Bc3 d4 31. Be1 e5 32. f3 Ke6 33. Rd2 g4 34. fxg4 hxg4 35. Bf2 Kd5 36. Ke2 f5 37. Kd1 Bg5 38. Rc2 d3 39. Rxc4 Kxc4 40. Bb6 e4 41. a4 e3 42. a5 e2+ 43. Ke1 Kb3 0-1

[Event "Isthmia op 1st"]
[Site "Vrachati"]
[Date "2011.08.19"]
[Round "2"]
[White "Filippas, Sebastian"]
[Black "Bellos, Evangelos"]
[Result "1-0"]
[WhiteElo "2246"]
[BlackElo "1621"]
[PlyCount "45"]
[EventDate "2011.08.18"]
[EventType "swiss"]
[EventRounds "9"]
[EventCountry "GRE"]
[SourceTitle "CBM 144 Extra"]
[Source "ChessBase"]
[SourceDate "2011.10.28"]
[SourceVersion "1"]
[SourceVersionDate "2011.10.28"]
[SourceQuality "1"]

1. e4 Nc6 2. Nc3 e6 3. d4 Bb4 4. a3 Bxc3+ 5. bxc3 d6 6. f4 e5 7. Nf3 Nf6 8. Bd3 exf4 9. Bxf4 h6 10. 0-0 0-0 11. h3 Re8 12. Re1 g5 13. Nxg5 hxg5 14. Bxg5 Bxh3 15. gxh3 Kh8 16. Kh2 Rg8 17. Rg1 Rg6 18. e5 Rxg5 19. Rxg5 dxe5 20. Rh5+ Nxh5 21. Qxh5+ Kg8 22. Qh6 Ne7 23. Bh7+ 1-0

[Event "Kavala op 20th"]
[Site "Kavala"]
[Date "2011.07.31"]
[Round "3"]
[White "Filippas, Sebastian"]
[Black "Mastrovasilis, Athanasios"]
[Result "1/2-1/2"]
[WhiteElo "2246"]
[BlackElo "2537"]
[PlyCount "143"]
[EventDate "2011.07.30"]
[EventType "swiss"]
[EventRounds "9"]
[EventCountry "GRE"]
[SourceTitle "CBM 143 Extra"]
[Source "ChessBase"]
[SourceDate "2011.08.29"]
[SourceVersion "1"]
[SourceVersionDate "2011.08.29"]
[SourceQuality "1"]

1. e4 e5 2. Nf3 Nc6 3. Bc4 Nf6 4. Ng5 d5 5. exd5 Na5 6. Bb5+ Bd7 7. Qe2 Be7 8. 0-0 Nxd5 9. Bxd7+ Qxd7 10. Nf3 Nf4 11. Qxe5 Qg4 12. g3 Nh3+ 13. Kg2 Nc6 14. Qe3 0-0-0 15. d3 Rhe8 16. Qe4 h5 17. Nc3 Bf6 18. Qc4 Bd4 19. Nd5 Nxf2 20. Rxf2 Bxf2 21. Kxf2 Qf5 22. Ne3 Qh3 23. Qf4 Re6 24. Qf5 Qxf5 25. Nxf5 g6 26. Ne3 Rf6 27. Ke2 Re8 28. c3 Ne7 29. d4 Nf5 30. Kf2 Nd6 31. Nd5 Rf5 32. Ne3 Rf6 33. Nd5 Rf5 34. Ne3 Ne4+ 35. Kg2 Rf6 36. Nd5 Rd6 37. Nxc7 Kxc7 38. Bf4 Kc6 39. Bxd6 Nxd6 40. Re1 Rxe1 41. Nxe1 b5 42. Nc2 Nc4 43. Nb4+ Kd6 44. Nd3 a5 45. Kf2 Kd5 46. Ke2 g5 47. b3 Nd6 48. Nf2 b4 49. cxb4 axb4 50. Nd3 Kxd4 51. Nxb4 Kc3 52. Nd3 Nf5 53. b4 Nd4+ 54. Ke3 f5 55. Ne1 Ne6 56. b5 Nc7 57. a4 Nd5+ 58. Ke2 Kb4 59. Nf3 g4 60. Nd4 f4 61. gxf4 Nxf4+ 62. Ke3 Nd5+ 63. Ke4 Nc3+ 64. Kf5 Nxa4 65. Kg5 Kc5 66. Nf5 Kxb5 67. Kxh5 Kc6 68. Kxg4 Kd7 69. Kg5 Ke6 70. Kg6 Nb6 71. h4 Nd5 72. h5 1/2-1/2

[Event "Mediterranean-ch U20"]
[Site "Chania"]
[Date "2010.09.01"]
[Round "1"]
[White "Filippas, Sebastian"]
[Black "Vozinaki, Anthi Maria"]
[Result "1-0"]
[WhiteElo "2208"]
[BlackElo "1479"]
[PlyCount "45"]
[EventDate "2010.09.01"]
[EventType "swiss"]
[EventRounds "9"]
[EventCountry "GRE"]
[SourceTitle "CBM 138 Extra"]
[Source "ChessBase"]
[SourceDate "2010.10.29"]
[SourceVersion "1"]
[SourceVersionDate "2010.10.29"]
[SourceQuality "1"]

1. c4 Nf6 2. Nc3 g6 3. d4 Bg7 4. e4 d6 5. Bg5 Nbd7 6. f3 0-0 7. Qd2 e6 8. Nh3 Qe7 9. Nf2 Re8 10. Be2 b6 11. 0-0 Bb7 12. Rfd1 Rad8 13. Bf1 c5 14. d5 exd5 15. cxd5 Ne5 16. a4 Ba8 17. Re1 Qd7 18. Bb5 Qc7 19. Bxe8 Rxe8 20. Nb5 Qd7 21. h3 Rc8 22. f4 Nc4 23. Qc3 1-0

[Event "GRE-chT Div-A 38th"]
[Site "Peristeri"]
[Date "2010.07.08"]
[Round "4"]
[White "Pavlidou, Ekaterini"]
[Black "Filippas, Sebastian"]
[Result "0-1"]
[WhiteElo "2182"]
[BlackElo "2208"]
[PlyCount "104"]
[EventDate "2010.07.05"]
[EventType "team-swiss"]
[EventRounds "7"]
[EventCountry "GRE"]
[SourceTitle "CBM 137 Extra"]
[Source "ChessBase"]
[SourceDate "2010.09.01"]
[SourceVersion "1"]
[SourceVersionDate "2010.09.01"]
[SourceQuality "1"]

1. d4 Nf6 2. c4 e6 3. Nc3 Bb4 4. e3 0-0 5. Bd3 Re8 6. Bd2 d5 7. a3 Bf8 8. Nf3 Nbd7 9. 0-0 c6 10. cxd5 exd5 11. b4 a5 12. b5 c5 13. a4 Bd6 14. Rc1 cxd4 15. exd4 Nb6 16. Bg5 Bg4 17. Bb1 h6 18. Bh4 Bf4 19. Rc2 Rc8 20. Ne2 Bxf3 21. gxf3 Bg5 22. Bg3 h5 23. h4 Bh6 24. Qd3 g6 25. Nf4 Rxc2 26. Bxc2 Qe7 27. Kh1 Bxf4 28. Bxf4 Qe2 29. Be5 Qxd3 30. Bxd3 Nfd7 31. f4 Rc8 32. Rg1 Rc3 33. Bb1 Rh3+ 34. Kg2 Rxh4 35. Kf3 Rh3+ 36. Ke2 Nxe5 37. dxe5 Nxa4 38. Kd2 Kf8 39. Rc1 Rf3 40. Rc8+ Ke7 41. Rc7+ Ke6 42. Rxb7 Rxf4 43. Ke3 Rb4 44. Bd3 Rb3 45. Ra7 Nc5 46. Ra6+ Nxa6 47. bxa6 Rb8 48. Bb5 Ra8 49. Kd4 a4 50. f4 a3 51. Kc3 a2 52. Kb2 Rb8 0-1

[Event "EU-ch U18 19th"]
[Site "Fermo"]
[Date "2009.09.09"]
[Round "9"]
[White "Filippas, Sebastian"]
[Black "Prohaszka, Peter"]
[Result "0-1"]
[WhiteElo "2224"]
[BlackElo "2508"]
[PlyCount "68"]
[EventDate "2009.08.31"]
[EventType "swiss"]
[EventRounds "9"]
[EventCountry "ITA"]
[SourceTitle "CBM 132 Extra"]
[Source "ChessBase"]
[SourceDate "2009.11.03"]
[SourceVersion "1"]
[SourceVersionDate "2009.11.03"]
[SourceQuality "1"]

1. d4 Nf6 2. c4 e6 3. Nc3 Bb4 4. f3 d5 5. a3 Be7 6. e4 dxe4 7. fxe4 e5 8. d5 Bc5 9. Nf3 Bg4 10. Bd3 Nbd7 11. h3 Bxf3 12. Qxf3 c6 13. Be3 0-0 14. Bf2 Bd4 15. 0-0 Bxc3 16. bxc3 Qc7 17. Rab1 Ne8 18. Kh1 b6 19. Be3 Nd6 20. Qg4 Kh8 21. Rf3 f5 22. Qh4 cxd5 23. cxd5 Nf6 24. Rbf1 Rae8 25. Bg5 Kg8 26. Bxf6 Rxf6 27. Rg3 Kh8 28. exf5 e4 29. Bc2 Nxf5 30. Rxf5 Rxf5 31. Bxe4 Rf1+ 32. Kh2 h6 33. Bd3 Rd1 34. d6 Ree1 0-1

[Event "EU-ch U18 19th"]
[Site "Fermo"]
[Date "2009.09.06"]
[Round "6"]
[White "Graf, Felix"]
[Black "Filippas, Sebastian"]
[Result "1-0"]
[WhiteElo "2291"]
[BlackElo "2224"]
[PlyCount "59"]
[EventDate "2009.08.31"]
[EventType "swiss"]
[EventRounds "9"]
[EventCountry "ITA"]
[SourceTitle "CBM 132 Extra"]
[Source "ChessBase"]
[SourceDate "2009.11.03"]
[SourceVersion "1"]
[SourceVersionDate "2009.11.03"]
[SourceQuality "1"]

1. d4 Nf6 2. Nc3 d5 3. Bg5 Nbd7 4. e4 dxe4 5. f3 e3 6. Bd3 c6 7. Nge2 e5 8. Bxe3 Be7 9. 0-0 0-0 10. Bf5 Qc7 11. Ne4 Nxe4 12. fxe4 Bd6 13. h3 exd4 14. Nxd4 g6 15. Ne6 fxe6 16. Bxe6+ Kg7 17. Qd2 Rxf1+ 18. Rxf1 Ne5 19. Bh6+ Kh8 20. Bb3 Bd7 21. Qg5 Qd8 22. Qf4 a5 23. Bg5 Nf3+ 24. Rxf3 Bxf4 25. Bxd8 Be5 26. Rf8+ Kg7 27. Rg8+ Kh6 28. Bg5+ Kxg5 29. Rxa8 Bxb2 30. Rd8 1-0